[Event "Pan American-ch Hybrid U16 31st"]
[Site "Tornelo INT"]
[Date "2021.09.04"]
[Round "8"]
[White "Briones Espino, Martin Daniel"]
[Black "Sandoval Jara, Manuel"]
[Result "0-1"]
[WhiteElo "1520"]
[BlackElo "1147"]
[PlyCount "62"]
[EventDate "2021.09.04"]
[EventType "swiss"]
[EventRounds "9"]
[EventCountry "NET"]
[SourceTitle "EXT 2023"]
[Source "ChessBase"]
[SourceDate "2022.10.05"]
[SourceVersion "1"]
[SourceVersionDate "2022.10.05"]
[SourceQuality "1"]

1. e4 c5 2. Nf3 d6 3. d4 cxd4 4. c3 dxc3 5. Nxc3 e6 6. Bb5+ Bd7 7. Qe2 a6 8. Bc4 Nc6 9. 0-0 Nge7 10. Rd1 Ng6 11. Be3 b5 12. Bb3 Be7 13. Nd4 0-0 14. f4 Qb8 15. Nxc6 Bxc6 16. f5 exf5 17. exf5 Nh4 18. Nd5 Nxf5 19. Bf4 Re8 20. Qd3 g6 21. Rac1 Qa7+ 22. Kh1 Rac8 23. g4 Ng7 24. g5 Qf2 25. Rf1 Qh4 26. Bg3 Qxg5 27. Bxd6 Bxd6 28. Rxc6 Rxc6 29. Nf6+ Kh8 30. Nxe8 Nxe8 31. Qd4+ Qe5 0-1